Zásady na stanovenie dopravného modelu pre stredne veľké mestá na Slovensku

Salvato in:
Dettagli Bibliografici
Autore principale: Kupka, Matej (Autore)
Altri autori: Schlosser, Tibor (Relatore della tesi)
Natura: Manoscritto Libro
Lingua:slovacco
Pubblicazione: 2019
Soggetti:
Accesso online:http://is.stuba.sk/zp/portal_zp.pl?podrobnosti=144759
https://opac.crzp.sk/?fn=detailBiblioForm&sid=9F8942B94996237AABFE1CF666DC
Tags: Aggiungi Tag
Nessun Tag, puoi essere il primo ad aggiungerne!!

MARC

LEADER 00000ntm a22000003a 4500
001 stuzp72615
003 SK-STU
005 20230606120908.3
007 ta
008 150427s2015----xo-----f-mn---000-0-slo-d
040 |a STU  |b slo 
041 0 |a slo 
100 1 |a Kupka, Matej  |u 010120  |k Z4  |4 aut  |U SvF Stavebná fakulta  |T SvF Katedra dopravných stavieb  |X 75681  |U V120  |Y 12  |7 75681 
242 0 1 |a Principles for the determination of traffic model for medium-sized cities in Slovakia  |y eng 
245 1 0 |a Zásady na stanovenie dopravného modelu pre stredne veľké mestá na Slovensku 
260 |c 2019 
650 4 |a dopravné plánovanie  |2 slo 
650 4 |a dopravný model  |2 slo 
650 4 |a dopravný prieskum  |2 slo 
650 4 |a traffic model  |2 eng 
650 4 |a traffic survey  |2 eng 
650 4 |a transport planning  |2 eng 
700 1 |a Schlosser, Tibor  |u 010120  |k Z1  |4 ths  |U SvF Stavebná fakulta  |T SvF Katedra dopravných stavieb  |X 68495  |U V120  |Y 12  |7 68495 
856 4 |u http://is.stuba.sk/zp/portal_zp.pl?podrobnosti=144759 
856 4 |u https://opac.crzp.sk/?fn=detailBiblioForm&sid=9F8942B94996237AABFE1CF666DC